Placemaking : (Record no. 8995)
[ view plain ]
| 000 -LEADER | |
|---|---|
| fixed length control field | 00889nac a22001931u 4500 |
| 020 ## - INTERNATIONAL STANDARD BOOK NUMBER | |
| International Standard Book Number | 0471110264 |
| 082 ## - DEWEY DECIMAL CLASSIFICATION NUMBER | |
| Classification number | 307.12160973 |
| Item number | S3582 |
| 090 ## - LOCALLY ASSIGNED LC-TYPE CALL NUMBER (OCLC); LOCAL CALL NUMBER (OCLC) | |
| -- | 3170 |
| -- | 3170 |
| 100 ## - MAIN ENTRY--PERSONAL NAME | |
| Personal name | Schneekloth, Lynda H. |
| 245 ## - TITLE STATEMENT | |
| Title | Placemaking : |
| Remainder of title | the art and practice of building communities / |
| Statement of responsibility, etc | Lynda H. Schneekloth and Robert G. Shibley. |
| 260 ## - PUBLICATION, DISTRIBUTION, ETC. (IMPRINT) | |
| Place of publication, distribution, etc | New York : |
| Name of publisher, distributor, etc | John Wiley,1995. |
| Date of publication, distribution, etc | 1995. |
| 300 ## - PHYSICAL DESCRIPTION | |
| Extent | xvi,263p. : |
| Other physical details | ill., facsims.,plans,ports. ; |
| Dimensions | 26cm |
| 504 ## - BIBLIOGRAPHY, ETC. NOTE | |
| Bibliography, etc | Includes bibliography: p.241-248 and index. |
| 650 ## - SUBJECT ADDED ENTRY--TOPICAL TERM | |
| Topical term or geographic name as entry element | City planning. |
| General subdivision | Case studies |
| Geographic subdivision | United States |
| 650 ## - SUBJECT ADDED ENTRY--TOPICAL TERM | |
| Topical term or geographic name as entry element | Community development, Urban |
| General subdivision | Case studies |
| Geographic subdivision | United States |
| 650 ## - SUBJECT ADDED ENTRY--TOPICAL TERM | |
| Topical term or geographic name as entry element | Architects and community |
| General subdivision | Case studies. |
| Geographic subdivision | United States |
| 942 ## - ADDED ENTRY ELEMENTS (KOHA) | |
| Item type | Book - Borrowing |
| Call number prefix | 307.12160973 S3582 |
| Withdrawn status | Item status | Source of classification or shelving scheme | Damaged status | Not for loan | Vendor | Home library | Current library | Shelving location | Date acquired | Source of acquisition | Cost, normal purchase price | Total Checkouts | Total Renewals | Full call number | Barcode | Date last seen | Date last borrowed | Cost, replacement price | Koha item type |
|---|---|---|---|---|---|---|---|---|---|---|---|---|---|---|---|---|---|---|---|
| Dewey Decimal Classification | Central Library | Central Library | First floor | 03/04/2008 | 200.00 | 1 | 1 | 307.12160973 SCH | 000001421 | 15/07/2025 | 24/03/2013 | 250.00 | Book - Borrowing | ||||||
| Central Library | Central Library | First floor | 03/04/2008 | Purchase | 200.00 | 307.12160973 SCH | 000010987 | 15/07/2025 | 250.00 | Book - Borrowing |